Countries in or allied to the Axis or Allies in WW2 - Statistics

General Stats
  • This quiz has been taken 59 times
  • The average score is 15 of 21
Answer Stats
Hint Answer % Correct
Axis Germany
96%
Axis Italy
96%
Axis Japan
96%
Allies United Kingdom
96%
Allies Soviet Union
94%
Allies United States
94%
Allies France
91%
Allies China
87%
Axis allies Romania
81%
Aligned to the Allies Canada
77%
Aligned to the Allies Australia
75%
Axis allies Bulgaria
75%
Axis allies Hungary
74%
Axis allies Finland
68%
Aligned to the Allies New zealand
68%
Axis allies Thailand
60%
Aligned to the Allies Brazil
58%
Aligned to the Allies South Africa
53%
Aligned to the Allies Argentina
47%
Aligned to the Allies Colombia
30%
Aligned to the Allies Bolivia
26%
No matching quizzes found
Score Distribution
Percent of People with Each Score
Percentile by Number Answered
Your Score History
You have not taken this quiz